000 00720nam a2200289Ia 4500
005 20260324125636.0
008 008 260324s9999 xx 000 0 eng d
020 _a9780203099254
037 _aEBOOK
040 _aCRL
040 _beng
040 _cCRL
041 _2eng
041 _aeng
084 _qCRL
100 _aCaroline Rose; Makoto Iokibe; John Weste; Junko Tomaru
_91178750
245 0 _aJapanese Diplomacy in the 1950s
245 0 _bFrom Isolation to Integration
260 _bTaylor and Francis
260 _c2008
365 _a
365 _b240
856 _uhttp://www.taylorfrancis.com/books/9780203099254
942 _cEBOOK
999 _c1774209
_d1774209